00645nam a2200193Ia 4500008004100000020000700041082001500048100002000063245005700083250000800140260005500148300002900203500001900232600002700251650002000278942000700298952012900305999001700434240925s9999 xx 000 0 und d aNA a515.35 ZIL aZill ,Dennis G. 0aDifferential Equations: With Boundary-value Problems a3rd aCalifornia:bBrooks/Cole Cengagae Learningc,2000. axxi,703p.bN.AfOriginal aIncludes Index aEngineering Technology aNatural Science cBK 001040708ETaUITUbUITUd2014-03-18eCitizen Book Shopg200.00l0o515.35 ZILpQ9839r2024-09-25 07:15:29w2024-09-25yBK c12338d12338